Online
Catalog

Diario intimo / (Record no. 21487)

MARC details
000 -CABECERA
campo de control de longitud fija 00661nam a2200205 a 4500
001 - NÚMERO DE CONTROL
campo de control 000021989
005 - FECHA Y HORA DE LA ÚLTIMA TRANSACCIÓN
campo de control 20200930011532.0
008 - DATOS DE LONGITUD FIJA--INFORMACIÓN GENERAL
campo de control de longitud fija 100915s1931 sp 000 0 spa d
040 ## - FUENTE DE LA CATALOGACIÓN
Centro catalogador/agencia de origen DO-SdBNP
Lengua de catalogación spa
Centro/agencia transcriptor BNPHU
082 ## - NÚMERO DE LA CLASIFICACIÓN DECIMAL DEWEY
Número de clasificación nn*
Número de documento/Ítem nn*
049 ## - FONDOS LOCALES (OCLC)
Fondos de biblioteca BNGR
100 1# - ENTRADA PRINCIPAL--NOMBRE DE PERSONA
Nombre de persona Amiel, Enrique Federico.
9 (RLIN) 45582
245 10 - MENCIÓN DE TÍTULO
Título Diario intimo /
Mención de responsabilidad, etc. Enrique Federico Amiel ; traducción María Enriqueta.
260 ## - PUBLICACIÓN, DISTRIBUCIÓN, ETC.
Lugar de publicación, distribución, etc. Madrid :
Nombre del editor, distribuidor, etc. América,
Fecha de publicación, distribución, etc. 1931.
300 ## - DESCRIPCIÓN FÍSICA
Extensión v. ;
Dimensiones 16 cm.
490 1# - MENCIÓN DE SERIE
Mención de serie Biblioteca de Autores Celebres
500 ## - NOTA GENERAL
Nota general La biblioteca sólo posee los volumenes 1 y 2.
700 1# - PUNTO DE ACCESO ADICIONAL--NOMBRE DE PERSONA
Nombre de persona Enriqueta, María,
Término indicativo de función/relación tr.
9 (RLIN) 45583
830 #0 - PUNTO DE ACCESO ADICIONAL DE SERIE-TÍTULO UNIFORME
Título uniforme Biblioteca de Autores Celebres
9 (RLIN) 45584
Holdings
Estado de retiro Estado de pérdida Restricciones de uso No para préstamo Código de colección Localización permanente Ubicación/localización actual Ubicación en estantería Fecha de adquisición Número de inventario Total de préstamos Signatura topográfica completa Código de barras Fecha visto por última vez Precio válido a partir de Tipo de ítem Koha
        Monografías: Libros y Folletos General General En catalogación 15.09.2010 LF1   v. 1 21989-10 25.06.2020 25.06.2020 Préstamo en sala
        Monografías: Libros y Folletos General General En catalogación 15.09.2010 LF1   v. 2 21989-20 25.06.2020 25.06.2020 Préstamo en sala

Powered by Koha